[Event "Stuttgarter Stadtmeisterschaft 2010 B"]
[Site "Ditzingen"]
[Date "2010.05.13"]
[Round "2.37"]
[White "Kean, Christopher"]
[Black "Giugno, Carmelo"]
[Result "0-1"]
[WhiteElo "1661"]
[BlackElo "1506"]
[PlyCount "108"]
[EventDate "2010.??.??"]

1. e4 e6 2. d4 d5 3. Nd2 c5 4. c3 Nc6 5. Ngf3 Qb6 6. Bd3 Bd7 7. dxc5 Bxc5 8.
O-O Nf6 9. e5 Ng4 10. Qe2 Qc7 11. Nb3 Bb6 12. Bf4 f6 13. Rae1 O-O-O 14. h3 Nh6
15. Bxh6 gxh6 16. exf6 Rdf8 17. Ne5 Nxe5 18. Qxe5 Qd8 19. Nd4 Bc7 20. Nxe6 Bxe5
21. Nxd8 Bxf6 22. Ne6 Rf7 23. Nc5 Bc6 24. Nb3 Bd8 25. Re6 h5 26. Rh6 h4 27. Nd4
Bd7 28. Bb5 Rg8 29. Bxd7+ Kxd7 30. Nf3 Rfg7 31. Ne1 Bg5 32. Rh5 Kc6 33. f4 Be7
34. Kh1 Rf7 35. Rf3 Bd8 36. Kg1 Re7 37. Kf1 Reg7 38. Ke2 Bc7 39. Rxh4 Re7+ 40.
Re3 Rf7 41. Rf3 Re7+ 42. Kd2 Rge8 43. Rf1 Re2+ 44. Kd1 Rxb2 45. Rxh7 Ba5 46. f5
Bxc3 47. Rh6+ Kb5 48. Re6 Rd2+ 49. Kc1 Rc8 50. Nc2 Bb4 51. f6 Rcxc2+ 52. Kb1
Rb2+ 53. Ka1 Rxa2+ 54. Kb1 Bc3 0-1

[Event "Stuttgarter Stadtmeisterschaft 2010 B"]
[Site "Ditzingen"]
[Date "2010.05.13"]
[Round "2.38"]
[White "Trobonjaca, Milos"]
[Black "Herkommer, Andreas"]
[Result "0-1"]
[WhiteElo "1658"]
[BlackElo "1501"]
[PlyCount "117"]
[EventDate "2010.??.??"]

1. e4 e5 2. Nc3 Nf6 3. a3 Bc5 4. Nf3 d6 5. h3 Be6 6. Bb5+ c6 7. Be2 O-O 8. d3
h6 9. Be3 Nbd7 10. Qd2 Bxe3 11. Qxe3 d5 12. exd5 Nxd5 13. Nxd5 Bxd5 14. O-O-O
b5 15. g4 a5 16. c4 Bxf3 17. Bxf3 Rc8 18. Kb1 b4 19. a4 Re8 20. h4 Qe7 21. b3
Nc5 22. Ka2 Ne6 23. Qxe5 Qd7 24. Qxa5 Nd4 25. Be4 Qxg4 26. Rb1 Qf4 27. Rb2 f5
28. Qc5 fxe4 29. Qxd4 Rcd8 30. Qc5 exd3 31. Qxb4 d2 32. Rd1 Qxf2 33. Rbxd2
Rxd2+ 34. Rxd2 Qxh4 35. Qa5 Qf6 36. Qb6 Kh7 37. Rb2 Re1 38. Qf2 Qxf2 39. Rxf2
Re7 40. a5 c5 41. Ka3 Rb7 42. Rf5 g5 43. Rxc5 g4 44. Rd5 g3 45. Rd1 h5 46. c5
h4 47. c6 Rb8 48. Rd7+ Kg6 49. a6 g2 50. Rd1 h3 51. c7 Ra8 52. Rg1 Rxa6+ 53.
Kb2 Ra8 54. Rc1 Rc8 55. b4 h2 56. Rc6+ Kf5 57. b5 g1=Q 58. b6 Qd4+ 59. Ka3 0-1

[Event "Stuttgarter Stadtmeisterschaft 2010 B"]
[Site "Ditzingen"]
[Date "2010.05.13"]
[Round "2.39"]
[White "Burkhardt, Adrian"]
[Black "Hua, Qi Cheng"]
[Result "0-1"]
[WhiteElo "1436"]
[BlackElo "1656"]
[PlyCount "64"]
[EventDate "2010.??.??"]

1. e4 c6 2. d4 d5 3. Nc3 dxe4 4. Nxe4 Bf5 5. Nc3 Nf6 6. Nf3 e6 7. Bc4 Bd6 8. h3
Nbd7 9. Be3 Qc7 10. Bd3 Bxd3 11. Qxd3 Nb6 12. Ne4 Be7 13. Ne5 Rd8 14. Ng5 O-O
15. Ng4 Nbd7 16. Ne4 Nd5 17. Bg5 Qa5+ 18. Bd2 Qb6 19. Ng5 Bxg5 20. Bxg5 Qxb2
21. O-O Rb8 22. c4 Qc3 23. Qxc3 Nxc3 24. Rfc1 Ne2+ 25. Kf1 Nxc1 26. Rxc1 c5 27.
Be7 Rfe8 28. Bd6 Rbc8 29. Rb1 b6 30. dxc5 Nxc5 31. Bxc5 Rxc5 32. Ne3 Rd8 0-1

[Event "Stuttgarter Stadtmeisterschaft 2010 B"]
[Site "Ditzingen"]
[Date "2010.05.13"]
[Round "2.40"]
[White "Dallinger, Moritz"]
[Black "Bay, Johannes"]
[Result "1-0"]
[WhiteElo "1418"]
[BlackElo "1650"]
[PlyCount "117"]
[EventDate "2010.??.??"]

1. e4 b6 2. f4 Bb7 3. Nc3 e6 4. d4 Bb4 5. Bd3 Nf6 6. Qf3 c5 7. dxc5 Bxc5 8. Be3
Bxe3 9. Qxe3 Nc6 10. Nf3 Rc8 11. h3 Qe7 12. e5 Ng8 13. O-O-O Nb4 14. a3 Nxd3+
15. Rxd3 Qc5 16. Qxc5 Rxc5 17. Rhd1 Bc8 18. b4 Rc4 19. g3 Ne7 20. Nb5 O-O 21.
Nd2 Rc6 22. Nxa7 Rc7 23. Nb5 Rc6 24. Nf3 Nd5 25. Nd6 f6 26. Kb2 fxe5 27. fxe5
Nc7 28. Nd4 Rxd6 29. exd6 Nd5 30. c4 Nf6 31. Rf1 Bb7 32. g4 Rc8 33. Kb3 Ne4 34.
Ne2 Rc6 35. Nc3 Rxd6 36. Rxd6 Nxd6 37. Rd1 Nf7 38. Rxd7 Bg2 39. Re7 Ng5 40. h4
Nf3 41. Kb2 Nd2 42. Rxe6 Nxc4+ 43. Kb3 Nd2+ 44. Ka4 Nc4 45. b5 Kf7 46. Re2 Bf3
47. Rf2 Ne5 48. Nd5 Ke6 49. Nxb6 Bd1+ 50. Ka5 Bxg4 51. Na4 Kd6 52. b6 Bc8 53.
Rd2+ Kc6 54. Rc2+ Kb7 55. Rc7+ Kb8 56. Kb5 Bd7+ 57. Kb4 Nc6+ 58. Kc4 Ne5+ 59.
Kd4 1-0

[Event "Stuttgarter Stadtmeisterschaft 2010 B"]
[Site "Ditzingen"]
[Date "2010.05.13"]
[Round "2.41"]
[White "Schöfzig, Winfried"]
[Black "Sigmund, Wolfgang"]
[Result "1-0"]
[WhiteElo "1648"]
[BlackElo "1421"]
[PlyCount "39"]
[EventDate "2010.??.??"]

1. e4 e5 2. Nf3 Nc6 3. d4 exd4 4. Nxd4 Bc5 5. Nb3 Bb6 6. Nc3 Nf6 7. Be2 d6 8.
O-O O-O 9. Bg5 h6 10. Bh4 Re8 11. Nd5 Rxe4 12. Bxf6 gxf6 13. Qd3 f5 14. Qg3+
Kh7 15. Bf3 Rh4 16. Rfe1 f4 17. Nxf4 Nd4 18. Nd3 Qf6 19. Re8 Qg5 20. Rae1 1-0

[Event "Stuttgarter Stadtmeisterschaft 2010 B"]
[Site "Ditzingen"]
[Date "2010.05.13"]
[Round "2.42"]
[White "Obermeier, Carl"]
[Black "Häfele, Torsten"]
[Result "0-1"]
[WhiteElo "1392"]
[BlackElo "1640"]
[PlyCount "42"]
[EventDate "2010.??.??"]

1. Nf3 c5 2. b3 Nf6 3. Bb2 e6 4. e3 Nc6 5. Be2 Be7 6. O-O O-O 7. c4 a6 8. d4
cxd4 9. Nxd4 b6 10. Nd2 Nxd4 11. Bxd4 Bb7 12. Bf3 Qc7 13. Bxb7 Qxb7 14. Nf3
Rfd8 15. Qc2 h6 16. Rfd1 Rac8 17. Qb2 d6 18. Rd3 e5 19. Bc3 e4 20. Nh4 exd3 21.
Nf5 Kh7 0-1

[Event "Stuttgarter Stadtmeisterschaft 2010 B"]
[Site "Ditzingen"]
[Date "2010.05.13"]
[Round "2.43"]
[White "Mejerski, Stephan"]
[Black "Grunow, Carmen"]
[Result "1-0"]
[WhiteElo "1635"]
[BlackElo "1418"]
[PlyCount "43"]
[EventDate "2010.??.??"]

1. e4 e5 2. f4 exf4 3. Nf3 d6 4. Bc4 c5 5. Nc3 Nc6 6. O-O b5 7. Bxb5 Bd7 8. Bc4
Rb8 9. d3 Be6 10. Nd5 Nf6 11. Nxf4 d5 12. Nxe6 fxe6 13. exd5 exd5 14. Bb3 Qc7
15. Ng5 Bd6 16. Qe2+ Ne7 17. Ba4+ Nd7 18. Qe6 Kd8 19. Nf7+ Kc8 20. Nxd6+ Kd8
21. Bg5 Nf6 22. Nf7# 1-0

[Event "Stuttgarter Stadtmeisterschaft 2010 B"]
[Site "Ditzingen"]
[Date "2010.05.13"]
[Round "2.44"]
[White "Pfeilsticker, Thorsten"]
[Black "Winkler, Alex"]
[Result "1-0"]
[WhiteElo "1635"]
[BlackElo "1347"]
[PlyCount "33"]
[EventDate "2010.??.??"]

1. d4 d5 2. Nf3 Nc6 3. e3 Bg4 4. c4 Nf6 5. Qb3 Bxf3 6. gxf3 Rb8 7. c5 b6 8. Qa4
Qd7 9. Bb5 Qf5 10. Bxc6+ Nd7 11. Bxd7+ Qxd7 12. Qxa7 Rd8 13. cxb6 cxb6 14. Qxb6
e6 15. Nc3 Bd6 16. Qb5 O-O 17. Qxd7 1-0

[Event "Stuttgarter Stadtmeisterschaft 2010 B"]
[Site "Ditzingen"]
[Date "2010.05.13"]
[Round "2.45"]
[White "Wendland, Tobias"]
[Black "Grözinger, Werner"]
[Result "1-0"]
[WhiteElo "1630"]
[BlackElo "1340"]
[PlyCount "114"]
[EventDate "2010.??.??"]

1. d4 e6 2. c4 c6 3. Nc3 g6 4. Nf3 Bg7 5. Bg5 f6 6. Bf4 d6 7. e3 d5 8. Rc1 Ne7
9. Bd3 Nd7 10. O-O e5 11. dxe5 fxe5 12. Bg5 e4 13. cxd5 exd3 14. d6 Nf6 15.
dxe7 Qxe7 16. Qxd3 O-O 17. Rfd1 Bg4 18. e4 Rad8 19. Qe2 Bxf3 20. Qxf3 Qe5 21.
Qe3 Rxd1+ 22. Nxd1 Ng4 23. Qb3+ Rf7 24. f4 Qxe4 25. Qg3 Bd4+ 26. Kh1 Qe2 27.
Nc3 Nf2+ 28. Kg1 Nd3+ 29. Kh1 Nxc1 30. Nxe2 Nxe2 31. Qd3 Rd7 32. Qxe2 Kf7 33.
Qg4 Rd5 34. h3 Bb6 35. Qe2 Rd7 36. Kh2 Bc7 37. Qc4+ Rd5 38. Qc3 Rxg5 39. Qb3+
Rd5 40. Qxb7 Rd7 41. Kg3 Bxf4+ 42. Kxf4 Rxb7 43. g4 Rxb2 44. Kg5 Kg7 45. h4 h6+
46. Kf4 Rxa2 47. Ke5 Rd2 48. g5 hxg5 49. hxg5 c5 50. Ke4 c4 51. Ke3 Rd7 52. Ke2
c3 53. Kf3 c2 54. Kg4 c1=Q 55. Kh3 Qe3+ 56. Kg2 Rd2+ 57. Kf1 Qf2# 1-0

[Event "Stuttgarter Stadtmeisterschaft 2010 B"]
[Site "Ditzingen"]
[Date "2010.05.13"]
[Round "2.46"]
[White "Kalwei, Reinhard"]
[Black "Helmbrecht, Kurt"]
[Result "0-1"]
[WhiteElo "1319"]
[BlackElo "1627"]
[PlyCount "104"]
[EventDate "2010.??.??"]

1. e4 e6 2. d4 d5 3. exd5 exd5 4. Nf3 Nf6 5. c4 c6 6. Nc3 Be7 7. Be2 O-O 8. b3
Bf5 9. O-O Nbd7 10. Bd3 Bg4 11. Be2 Rc8 12. h3 Bh5 13. Nh2 Bg6 14. Ng4 Bb4 15.
Bb2 Qa5 16. Qc1 Rfe8 17. Bf3 dxc4 18. bxc4 Bd3 19. Rd1 Bxc4 20. a3 Bf8 21. Na2
Bd5 22. Bxd5 Qxd5 23. Nb4 Qh5 24. Nxf6+ Nxf6 25. Re1 Rxe1+ 26. Qxe1 Re8 27. Qd1
Qxd1+ 28. Rxd1 Nd5 29. Nxd5 cxd5 30. f3 Rc8 31. Rd2 f6 32. Kf2 Rc4 33. Ke3 a5
34. Kd3 Ra4 35. Rc2 Bxa3 36. Rc8+ Bf8 37. Rd8 Rb4 38. Bc3 Rb5 39. Kc2 Kf7 40.
Ra8 b6 41. Bd2 Bb4 42. Ra7+ Kg6 43. g4 Bxd2 44. Kxd2 Rb3 45. Ke2 Rb4 46. Ke3 a4
47. h4 b5 48. Rd7 a3 49. Rxd5 a2 50. h5+ Kh6 51. g5+ fxg5 52. Rd6+ Kxh5 0-1

[Event "Stuttgarter Stadtmeisterschaft 2010 B"]
[Site "Ditzingen"]
[Date "2010.05.13"]
[Round "2.47"]
[White "Strauss, Martin"]
[Black "Griesche, Veit"]
[Result "1-0"]
[WhiteElo "1618"]
[BlackElo "1302"]
[PlyCount "81"]
[EventDate "2010.??.??"]

1. e4 e5 2. Nf3 Nf6 3. Nc3 Nc6 4. Bc4 Bc5 5. d3 d6 6. h3 h6 7. a3 a6 8. b4 b5
9. bxc5 bxc4 10. dxc4 dxc5 11. Qxd8+ Kxd8 12. Be3 Be6 13. O-O Bxc4 14. Rfd1+
Nd7 15. Bxc5 Kc8 16. Be3 f6 17. Nd2 Be6 18. Na4 Nd4 19. Bxd4 exd4 20. Nb3 Bxb3
21. cxb3 c5 22. Rac1 Rd8 23. Rxd4 Kc7 24. Nxc5 Nxc5 25. Rxc5+ Kb6 26. Rcc4 Rac8
27. Rxd8 Rxd8 28. Kf1 Rd3 29. Rb4+ Kc5 30. Ke2 Rd7 31. Rc4+ Kb5 32. Rc3 a5 33.
Rd3 Rc7 34. g4 a4 35. Rd5+ Kb6 36. bxa4 Rc2+ 37. Kf3 Rc3+ 38. Kg2 Rxa3 39. Rd7
Rxa4 40. Rxg7 Rxe4 41. Rg6 1-0

[Event "Stuttgarter Stadtmeisterschaft 2010 B"]
[Site "Ditzingen"]
[Date "2010.05.13"]
[Round "2.48"]
[White "Sievers, Gerda"]
[Black "Spiegelberg, Silvia"]
[Result "0-1"]
[WhiteElo "1206"]
[BlackElo "1609"]
[PlyCount "90"]
[EventDate "2010.??.??"]

1. e4 e5 2. Nf3 Nc6 3. c3 Nf6 4. Bd3 Bc5 5. O-O d5 6. exd5 Qxd5 7. Be2 Bf5 8.
d3 O-O-O 9. c4 Qd6 10. Nc3 Bxd3 11. b3 Bg6 12. Qxd6 Rxd6 13. Na4 Nd4 14. Nxc5
Nxe2+ 15. Kh1 b6 16. Na4 Nxc1 17. Rfxc1 Ng4 18. Kg1 f6 19. h3 Nh6 20. Nc3 a6
21. Nd5 Be4 22. Ne3 Rhd8 23. Ne1 Nf5 24. Nf1 Nd4 25. f3 Ne2+ 26. Kf2 Nxc1 27.
fxe4 Nd3+ 28. Nxd3 Rxd3 29. Ke2 Kb7 30. Rb1 Rc3 31. a4 Rc2+ 32. Kf3 Rd3+ 33.
Ne3 Rcc3 34. Re1 Rxb3 35. Kf2 Ra3 36. Nd5 Rxa4 37. Rc1 Ra2+ 38. Kg1 Rdd2 39.
Ne3 Re2 40. Rc3 a5 41. h4 a4 42. h5 a3 43. Kf1 Reb2 44. Rc1 Rb3 45. Nf5 Rab2
0-1

[Event "Stuttgarter Stadtmeisterschaft 2010 B"]
[Site "Ditzingen"]
[Date "2010.05.14"]
[Round "3.1"]
[White "Ohnmacht, Simon"]
[Black "Ostertag, Stephan"]
[Result "1/2-1/2"]
[WhiteElo "1883"]
[BlackElo "1806"]
[PlyCount "107"]
[EventDate "2010.??.??"]
[WhiteTeam "SC Mühlacker 1923 e.V."]
[BlackTeam "SV Urach"]

1. e4 d6 2. d4 Nf6 3. Nc3 g6 4. Bc4 Bg7 5. Nge2 O-O 6. f3 e5 7. dxe5 dxe5 8.
Bg5 c6 9. Qd3 Qxd3 10. Bxd3 Be6 11. O-O-O Nbd7 12. Ng3 b5 13. Nf1 a5 14. a4 b4
15. Ne2 b3 16. Ne3 Nb6 17. Nc3 Rab8 18. cxb3 Bxb3 19. Bc2 Bxc2 20. Kxc2 Rfd8
21. Rxd8+ Rxd8 22. Rd1 Rd4 23. b3 Nfd7 24. Bd8 Bf8 25. Nc4 Nxc4 26. bxc4 Rxd1
27. Kxd1 Bc5 28. Bxa5 Nb6 29. Bxb6 Bxb6 30. Na2 Ba5 31. Nc1 Kf8 32. Nb3 Bb6 33.
a5 Ba7 34. a6 Ke7 35. Na5 Kd7 36. Nb7 Bd4 37. Kc2 Kc7 38. Kb3 Kb6 39. Nd8 Kxa6
40. Nxc6 Ba1 41. Nd8 f6 42. Ne6 Kb6 43. Kc2 Kc6 44. Kd3 Kd6 45. Nd8 Bd4 46.
Nf7+ Kc5 47. Nh6 Kd6 48. Ng4 Ke6 49. Ne3 f5 50. f4 Bc5 51. g3 h6 52. h3 Ba7 53.
exf5+ gxf5 54. fxe5 1/2-1/2

[Event "Stuttgarter Stadtmeisterschaft 2010 B"]
[Site "Ditzingen"]
[Date "2010.05.14"]
[Round "3.2"]
[White "Wezel, Sebastian"]
[Black "Cosic, Dzafer"]
[Result "0-1"]
[WhiteElo "1793"]
[BlackElo "1879"]
[PlyCount "51"]
[EventDate "2010.??.??"]
[WhiteTeam "SV Dettingen Erms"]
[BlackTeam "SC Erdmannhausen"]

1. e4 d6 2. d4 g6 3. Nc3 Bg7 4. Be3 Nf6 5. f3 Nbd7 6. Qd2 e5 7. O-O-O O-O 8. h4
Nh5 9. Bc4 exd4 10. Bxd4 Ne5 11. Bb3 Be6 12. g4 Bxb3 13. axb3 Nf6 14. h5 Nfd7
15. Qh2 g5 16. h6 Bh8 17. Nd5 Ng6 18. Bg7 Re8 19. Ne2 f6 20. Nd4 Re5 21. Nf5 a5
22. Qe2 c6 23. Nde3 d5 24. exd5 Nf4 25. Qc4 Nb6 26. Qd4 0-1

[Event "Stuttgarter Stadtmeisterschaft 2010 B"]
[Site "Ditzingen"]
[Date "2010.05.14"]
[Round "3.4"]
[White "Luft, Jakob"]
[Black "Schaffert, Walter"]
[Result "0-1"]
[WhiteElo "1862"]
[BlackElo "1756"]
[PlyCount "64"]
[EventDate "2010.??.??"]
[WhiteTeam "SV Untertürkheim e.V."]
[BlackTeam "SG Ludwigsburg 1919"]

1. e4 d5 2. exd5 Qxd5 3. d4 Nc6 4. Be3 e5 5. c4 Qa5+ 6. Bd2 Bb4 7. d5 Nd4 8.
Nc3 Bf5 9. Rc1 Qb6 10. g4 Bg6 11. h4 h5 12. Qa4+ c6 13. Bg2 hxg4 14. Be3 O-O-O
15. a3 Be7 16. dxc6 bxc6 17. b4 Nf6 18. Nge2 Bd3 19. b5 c5 20. Ng3 Nf3+ 21.
Bxf3 gxf3 22. h5 Kb8 23. Qb3 Rd7 24. a4 Rhd8 25. h6 gxh6 26. Rxh6 Bg6 27. Kf1
Rd3 28. Kg1 Ng4 29. Qb2 Nxh6 30. Bxh6 Qe6 31. b6 Qh3 32. bxa7+ Ka8 0-1

[Event "Stuttgarter Stadtmeisterschaft 2010 B"]
[Site "Ditzingen"]
[Date "2010.05.14"]
[Round "3.5"]
[White "Schmidt, Markus"]
[Black "Hartmann, Lorenz"]
[Result "1/2-1/2"]
[WhiteElo "1768"]
[BlackElo "1860"]
[PlyCount "85"]
[EventDate "2010.??.??"]
[WhiteTeam "Stuttgarter SF 1879"]
[BlackTeam "SC Heitersheim"]

1. d4 Nf6 2. c4 g6 3. Nc3 Bg7 4. e4 d6 5. Nf3 O-O 6. Be2 c5 7. d5 a6 8. Qc2 Bg4
9. h3 Bxf3 10. Bxf3 b5 11. Be2 b4 12. Nd1 a5 13. Rb1 a4 14. b3 axb3 15. axb3 e5
16. O-O Ne8 17. f4 exf4 18. Bxf4 Nd7 19. Nf2 Bd4 20. Kh1 f5 21. exf5 Rxf5 22.
Ng4 Rf8 23. Qe4 Ndf6 24. Qe6+ Kh8 25. Bg3 Ra7 26. Nxf6 Bxf6 27. Bd3 Re7 28. Qg4
Re3 29. Rf3 Qe7 30. Rbf1 Rxf3 31. Rxf3 Bd4 32. Bh4 Qg7 33. Qe6 Rxf3 34. gxf3
Qf8 35. Kg2 Ng7 36. Qd7 Nh5 37. Be4 Qf4 38. Qd8+ Kg7 39. Qg5 Bf6 40. Qxf4 Nxf4+
41. Kg3 g5 42. Kg4 h5+ 43. Kf5 1/2-1/2

[Event "Stuttgarter Stadtmeisterschaft 2010 B"]
[Site "Ditzingen"]
[Date "2010.05.14"]
[Round "3.6"]
[White "Ellinger, Harald"]
[Black "Balija, Cerim"]
[Result "0-1"]
[WhiteElo "1854"]
[BlackElo "1608"]
[PlyCount "120"]
[EventDate "2010.??.??"]
[WhiteTeam "SK e4 Gerlingen"]
[BlackTeam "Mönchfelder SV 1967"]

1. Nf3 e6 2. d4 Nf6 3. c4 b6 4. a3 d5 5. Nc3 Be7 6. e3 Ba6 7. b3 O-O 8. Bd3
dxc4 9. bxc4 Bb7 10. e4 c5 11. d5 exd5 12. cxd5 Ba6 13. Bxa6 Nxa6 14. e5 Re8
15. O-O Nd7 16. Qa4 Qc8 17. Qg4 Nf8 18. Qg3 Ng6 19. Re1 Qf5 20. Bd2 Nb8 21. Nb5
Na6 22. Re3 Qh5 23. Re4 Red8 24. d6 Bf8 25. Rae1 Rd7 26. e6 fxe6 27. Rxe6 c4
28. Ne5 Nxe5 29. R6xe5 Qf7 30. R5e3 Qd5 31. Qf3 Qxf3 32. gxf3 Bxd6 33. Bc3 Nc5
34. Re8+ Rxe8 35. Rxe8+ Kf7 36. Ra8 a6 37. Nxd6+ Rxd6 38. Ra7+ Rd7 39. Ra8 a5
40. Rb8 Rb7 41. Rc8 Na4 42. Rxc4 Nxc3 43. Rxc3 b5 44. Kf1 Ke6 45. Ke2 Kd5 46.
Kd3 Rf7 47. Kc2 Rf4 48. Rd3+ Kc5 49. Kb3 a4+ 50. Kb2 g6 51. Re3 Kd4 52. Re4+
Rxe4 53. fxe4 Kxe4 54. Kc3 Kd5 55. Kb4 Kc6 56. f4 h6 57. Ka5 Kc5 58. h4 h5 59.
Ka6 Kc4 60. Ka5 Kc5 0-1

[Event "Stuttgarter Stadtmeisterschaft 2010 B"]
[Site "Ditzingen"]
[Date "2010.05.14"]
[Round "3.7"]
[White "Lörincz, Peter"]
[Black "Parvin, Shahram"]
[Result "1-0"]
[WhiteElo "1840"]
[BlackElo "1471"]
[PlyCount "129"]
[EventDate "2010.??.??"]
[WhiteTeam "SK Lauffen"]
[BlackTeam "SK Ricklingen"]

1. e4 c5 2. Nf3 g6 3. Nc3 Bg7 4. Be2 Nc6 5. d3 Nd4 6. O-O Nf6 7. Bf4 Nh5 8. Be3
e5 9. Nd5 d6 10. Qd2 Ne6 11. c3 h6 12. Ne1 Nf6 13. f4 exf4 14. Nxf4 Qc7 15. Nd5
Nxd5 16. exd5 Nf8 17. Bf4 f5 18. Nc2 Be5 19. Rfe1 Kf7 20. d4 cxd4 21. Nxd4 Qb6
22. Be3 Qd8 23. Rf1 Kg7 24. Rf3 b6 25. Raf1 Qf6 26. h3 Qf7 27. g4 Kh7 28. Bd3
Rg8 29. Kh1 Qxd5 30. Nxf5 Qb7 31. Nxh6 Rg7 32. Kg1 Ne6 33. Nf7 Bf4 34. Bxf4
Rxf7 35. Bxg6+ Kxg6 36. Qd3+ Kg7 37. Bh6+ Kg8 38. Qg6+ Rg7 39. Bxg7 Qxg7 40.
Qe8+ Kh7 41. Rf7 d5 42. Rxg7+ Nxg7 43. Qe5 Be6 44. h4 Re8 45. Qg5 Rg8 46. Rf6
Nf5 47. Qh5+ Kg7 48. Rg6+ Kf8 49. Rxg8+ Bxg8 50. Qxf5+ Bf7 51. Qe5 d4 52. cxd4
a5 53. h5 Bxa2 54. h6 Bb1 55. g5 b5 56. Qf6+ Ke8 57. Qc6+ Kf7 58. Qxb5 Kg6 59.
Qe5 a4 60. Kh2 Bc2 61. Kg3 a3 62. bxa3 Kf7 63. Qf6+ Ke8 64. Qg7 Bd3 65. Qc7 1-0

[Event "Stuttgarter Stadtmeisterschaft 2010 B"]
[Site "Ditzingen"]
[Date "2010.05.14"]
[Round "3.8"]
[White "Buzan, Raffael"]
[Black "Peter, Silvio"]
[Result "1/2-1/2"]
[WhiteElo "1746"]
[BlackElo "1819"]
[PlyCount "98"]
[EventDate "2010.??.??"]
[WhiteTeam "SAbt VfL Sindelfingen"]
[BlackTeam "SAbt DJK Stuttgart-Süd"]

1. d4 d6 2. Nf3 Bg4 3. e3 Nf6 4. c4 c6 5. Be2 e6 6. Nc3 Be7 7. e4 d5 8. cxd5
exd5 9. e5 Nfd7 10. Qb3 Qb6 11. Qxb6 axb6 12. Be3 b5 13. h3 Bf5 14. Nd2 h5 15.
f4 h4 16. Bd1 Nb6 17. Ne2 Na6 18. a3 Nb4 19. Nc1 Nc4 20. Nxc4 dxc4 21. O-O Nd5
22. Bd2 b4 23. a4 b3 24. Bf3 b5 25. Ne2 b4 26. Bxd5 cxd5 27. g4 Bc2 28. Rfe1
Kd7 29. f5 Ra5 30. Nf4 Rha8 31. e6+ fxe6 32. Rxe6 Bf6 33. Bxb4 Bxd4+ 34. Kh2
Rxa4 35. Rxa4 Rxa4 36. Nxd5 Rxb4 37. Nxb4 Bxb2 38. Re2 Be5+ 39. Rxe5 b2 40. Re1
b1=Q 41. Rxb1 Bxb1 42. Nd5 Kd6 43. Nc3 Bd3 44. Kg2 Ke5 45. Kf2 Kd4 46. Nb5+ Ke5
47. Nc3 g6 48. fxg6 Bxg6 49. Ke3 Bd3 1/2-1/2

[Event "Stuttgarter Stadtmeisterschaft 2010 B"]
[Site "Ditzingen"]
[Date "2010.05.14"]
[Round "3.9"]
[White "Felser, Martin"]
[Black "Helfrich, Leo"]
[Result "0-1"]
[WhiteElo "1894"]
[BlackElo "1701"]
[PlyCount "68"]
[EventDate "2010.??.??"]
[WhiteTeam "SK Marktoberdorf"]
[BlackTeam "SC Pforzheim 1906"]

1. c4 g6 2. g3 Bg7 3. Bg2 c5 4. Nc3 Nc6 5. e4 d6 6. Nge2 Bg4 7. h3 Bd7 8. O-O
Qc8 9. Kh2 e5 10. d3 Nge7 11. Be3 f5 12. Qd2 O-O 13. Bh6 Nd4 14. Bxg7 Kxg7 15.
f4 Rb8 16. Rf2 b5 17. Nxd4 cxd4 18. Nxb5 Bxb5 19. cxb5 Rxb5 20. Rc1 Rc5 21.
Rff1 Rf7 22. Rxc5 Qxc5 23. Rc1 Qb6 24. Rc2 g5 25. fxe5 f4 26. e6 fxg3+ 27. Kxg3
Rf4 28. h4 h6 29. hxg5 hxg5 30. Qc1 Qb5 31. Rf2 Ng6 32. Qc7+ Kh6 33. Bf3 Qe5
34. Rh2+ Rh4+ 0-1

[Event "Stuttgarter Stadtmeisterschaft 2010 B"]
[Site "Ditzingen"]
[Date "2010.05.14"]
[Round "3.10"]
[White "Riegel, Frank"]
[Black "Srokovskiy, Andrea"]
[Result "1-0"]
[WhiteElo "1858"]
[BlackElo "1726"]
[PlyCount "61"]
[EventDate "2010.??.??"]
[WhiteTeam "SV Stuttgart-Wolfbusch 1956 e.V."]
[BlackTeam "OSG Baden-Baden"]

1. e4 c5 2. c4 e6 3. Nc3 d6 4. g3 Nf6 5. Bg2 Nbd7 6. d3 Rb8 7. Nge2 b6 8. O-O
Bb7 9. f4 g6 10. h3 Bg7 11. Nb5 O-O 12. Nxa7 e5 13. f5 Qc7 14. Nb5 Qc6 15. Be3
Ba6 16. Nec3 Bxb5 17. Nxb5 Ne8 18. Qd2 Ndf6 19. Bg5 Rb7 20. Rf2 Nd7 21. Be7
Nef6 22. Nxd6 Rbb8 23. fxg6 fxg6 24. Raf1 Rfe8 25. Nxe8 Rxe8 26. Bxf6 Nxf6 27.
Qg5 Rf8 28. Qxe5 Nd7 29. Rxf8+ Nxf8 30. Qe7 Qe6 31. Rxf8+ 1-0

[Event "Stuttgarter Stadtmeisterschaft 2010 B"]
[Site "Ditzingen"]
[Date "2010.05.14"]
[Round "3.11"]
[White "Winkler, Tim"]
[Black "Zikeli, Julia"]
[Result "1/2-1/2"]
[WhiteElo "1736"]
[BlackElo "1848"]
[PlyCount "141"]
[EventDate "2010.??.??"]

1. e4 c5 2. Nf3 d6 3. d4 cxd4 4. Nxd4 Nf6 5. f3 e5 6. Nb3 Be6 7. Be3 d5 8. exd5
Nxd5 9. Bb5+ Nd7 10. Bf2 Nf4 11. O-O Qg5 12. Bg3 Rd8 13. Nc3 a6 14. Ne4 Qe7 15.
Bxf4 exf4 16. Bxd7+ Rxd7 17. Qe2 Rc7 18. Rad1 Qb4 19. Rd4 Qb6 20. Kh1 Be7 21.
Qd2 O-O 22. Nc3 Bf6 23. Rd6 Qe3 24. Nd1 Qxd2 25. Rxd2 Rfc8 26. c3 Bh4 27. Nf2
Rd7 28. Rxd7 Bxd7 29. Ne4 Bb5 30. Rd1 f5 31. Nec5 b6 32. Ne6 Bc4 33. Nxf4 Bg5
34. Nh3 Be3 35. g3 a5 36. Re1 Re8 37. Nd4 Bf7 38. Nxf5 Bd2 39. Rxe8+ Bxe8 40.
Kg2 Bf7 41. a3 Bc1 42. Nd6 Bb3 43. Nf4 Bxb2 44. Nb5 Ba4 45. Nd3 Ba1 46. c4 Bc2
47. Nf2 Bb3 48. Nd6 Bb2 49. Nc8 Bd4 50. Nd6 Bc5 51. Nfe4 Bxa3 52. Nc8 Bxc4 53.
Nxb6 Bb5 54. Nc3 Be8 55. Nc4 Bb4 56. Nd5 Bf7 57. Nxb4 axb4 58. Nb2 Kf8 59. Kf2
Ke7 60. Ke3 Kd6 61. Kd4 Kc6 62. g4 g5 63. Ke5 Bd5 64. f4 gxf4 65. Kxf4 Kc5 66.
Nd3+ Kc4 67. Nxb4 Kxb4 68. Kg5 Kc5 69. Kh6 Be4 70. h4 Kd6 71. h5 1/2-1/2

[Event "Stuttgarter Stadtmeisterschaft 2010 B"]
[Site "Ditzingen"]
[Date "2010.05.14"]
[Round "3.12"]
[White "Hamm, Julian"]
[Black "Leroy, Patrick"]
[Result "1/2-1/2"]
[WhiteElo "1633"]
[BlackElo "1835"]
[PlyCount "97"]
[EventDate "2010.??.??"]

1. c4 g6 2. Nc3 Bg7 3. g3 Nf6 4. Bg2 d6 5. Nf3 O-O 6. O-O c5 7. d3 Nc6 8. Rb1
Rb8 9. Bd2 b6 10. a3 Bb7 11. b4 Nd7 12. b5 Nd4 13. Nxd4 Bxg2 14. Nc6 Bxc6 15.
bxc6 Ne5 16. Qa4 Ra8 17. h3 f5 18. Nd5 e6 19. Bg5 Qxg5 20. Nc7 Qd8 21. Nxe6 Qc8
22. Nxf8 Kxf8 23. c7 Qxc7 24. f4 Nc6 25. e4 Nd4 26. Rbe1 Re8 27. Re3 Re7 28.
Rfe1 Qc6 29. Qd1 a6 30. a4 b5 31. axb5 axb5 32. cxb5 Nxb5 33. e5 dxe5 34. fxe5
Qd5 35. Qb1 Nd4 36. Kf2 Bxe5 37. Rxe5 Qf3+ 38. Kg1 Qxg3+ 39. Kf1 Qxh3+ 40. Kf2
Qf3+ 41. Kg1 Qg3+ 42. Kf1 Rxe5 43. Qb8+ Kf7 44. Rxe5 Qxd3+ 45. Kf2 Qc2+ 46. Kf1
Qd3+ 47. Kf2 c4 48. Qe8+ Kg7 49. Qe7+ 1/2-1/2

[Event "Stuttgarter Stadtmeisterschaft 2010 B"]
[Site "Ditzingen"]
[Date "2010.05.14"]
[Round "3.13"]
[White "Drapchin, Marc"]
[Black "Ziegler, Michael"]
[Result "1-0"]
[WhiteElo "1830"]
[BlackElo "1656"]
[PlyCount "140"]
[EventDate "2010.??.??"]

1. e4 c5 2. Nf3 d6 3. Bb5+ Bd7 4. Bxd7+ Qxd7 5. O-O Nc6 6. b3 Nf6 7. Re1 g6 8.
Bb2 Bg7 9. Na3 O-O 10. c3 a6 11. Nc2 Rac8 12. d4 Nb8 13. d5 c4 14. b4 Rfe8 15.
Ncd4 b5 16. h3 Qb7 17. a4 e6 18. axb5 axb5 19. dxe6 fxe6 20. e5 Ne4 21. Nxb5
Qxb5 22. Rxe4 d5 23. Re1 Nc6 24. Nd4 Qb7 25. Nxc6 Rxc6 26. Bc1 Rf8 27. Be3 Qb8
28. f4 Rf7 29. g3 Rb7 30. Qa4 Rb5 31. Qa8 Rc8 32. Qxb8 Rcxb8 33. Ra6 Kf7 34.
Rea1 R8b7 35. Rc6 Bf8 36. Raa6 Bxb4 37. cxb4 Rxb4 38. Rxe6 Rb2 39. Red6 Re2 40.
Rf6+ Kg7 41. Ra7 Rxa7 42. Bxa7 c3 43. Rc6 c2 44. Kf1 Rd2 45. Be3 Rd1+ 46. Ke2
Rh1 47. Rxc2 Rxh3 48. Bf2 g5 49. f5 g4 50. Rd2 Rh5 51. f6+ Kf7 52. Rxd5 Ke6 53.
Rd8 Rf5 54. Be3 h5 55. Bf2 Rf3 56. Ke1 Rf5 57. Ra8 Rf3 58. Ke2 Rf5 59. Be3 Rf3
60. Bf4 h4 61. Ra6+ Kf7 62. Ra7+ Ke6 63. Re7+ Kd5 64. f7 hxg3 65. f8=Q Ke4 66.
Rg7 Rf2+ 67. Ke1 Rxf4 68. Qxf4+ Kxf4 69. e6 Kf3 70. Kf1 g2+ 1-0